| 000 | 02476nam a22002417a 4500 | ||
|---|---|---|---|
| 003 | OSt | ||
| 005 | 20260511114827.0 | ||
| 008 | 260420b |||||||| |||| 00| 0 eng d | ||
| 022 | _a0017-8012 | ||
| 040 |
_aTBS _bEN _cTBS |
||
| 041 | _aeng | ||
| 100 |
_aBernstein, Amy _926942 _eauthor |
||
| 245 |
_aConflict is inevitable : deal with it _c/ Amy Bernstein |
||
| 260 |
_bHarvard Business Review, _c2025. |
||
| 300 | _b16-16 pages. | ||
| 490 |
_aHarvard Business Review _vvol.103, no.4 |
||
| 520 | _aFew of us relish conflict. It’s discomfiting and stressful. It’s also inevitable in any workplace, especially now, when social and political tensions sharply divide the world. In a recent survey by the Society for Human Resource Management, 76% of employees said they had witnessed acts of incivility in the past month, and 13% had encountered it daily. Discord on the job costs businesses an estimated $2 billion a day in lost productivity and absenteeism. This thorny situation calls for leaders to develop a new competency: conflict intelligence, the ability to manage and resolve all types of disagreements. Conflict intelligence can provide an antidote to today’s low levels of employee engagement and its consequences. As Peter T. Coleman, the director of Columbia’s Morton Deutsch International Center for Cooperation and Conflict Resolution, explains in this issue’s cover story, leaders with high conflict intelligence not only excel at dispute resolution but also “create workplace environments where team members experience greater job satisfaction, empowerment, and well-being.” They shape organizations for the better in other ways too, fostering creative and constructive cultures where people learn to navigate uncertainty and manage their stress. In other words, conflict intelligence is a critical driver of resilience and innovation, and Coleman describes seven ways that you can improve yours. With all the strife roiling our day-to-day lives, who doesn’t feel like shutting down emotionally? But that’s not an option. To thrive, we all have to confront conflict head-on and learn how to turn it to our organizations’ advantage. | ||
| 630 | 0 |
_aB2 PBT Conflict Management (BiM) _926895 |
|
| 650 | 0 |
_aWork environment _9742 |
|
| 650 | 0 |
_aEmployees _924911 |
|
| 856 | _uhttps://hub.tbs-education.fr/login?url=https://search.ebscohost.com/login.aspx?direct=true&site=eds-live&scope=site&db=bth&AN=185880770&scope=site | ||
| 942 | _2lcc | ||
| 999 |
_c5424 _d5424 |
||